Banská Bystrica Námestie SNP : Nový Prior : Reliéf Š. Moysesa na námestí SNP : socha A. Sládkoviča

Zobrazenie:

Bibliographic Details
Other Authors: Lorenc, František (fotograf) (Photographer), Rudnický, Viliam, 1947- (Photographer), Vojček, Alexander (fotograf) (Photographer)
Format: Photo
Language:Slovak
PhysicalDescription:1 pohľadnica (4 čiastkové pohľady) farebná 11 x 15 cm
Published: Bratislava ČSTK-Pressfoto 1991
Subjects:

MARC

LEADER 00000nkm a2200000 a 4500
001 vtls012063170
003 SK-MaSNL
005 20260331212506.0
007 kf co
008 210726s1991 xo g 0kuslo
015 |a SNBG1991 
040 |a SNK  |b slo  |c SNK  |e AACR2 
041 0 |a slo 
043 |a e-xo--- 
044 |a xo  |c SK 
072 7 |a 913  |x Regionálna geografia  |2 konspekt 
080 |a 913(437.6)  |2 2011 
080 |a 904(084.121)  |2 2011 
100 1 |a Lorenc, František  |c (fotograf)  |4 pht  |9 177742 
245 1 0 |a Banská Bystrica  |h grafika  |b Námestie SNP : Nový Prior : Reliéf Š. Moysesa na námestí SNP : socha A. Sládkoviča  |c foto: F. Lorenc, V. Rudnický, A. Vojček ; grafický návrh: J. Smola 
246 1 |i Názov na obrazovej časti:  |a Banská Bystrica 
260 |a Bratislava  |b ČSTK-Pressfoto  |c 1991  |e Skalica  |f Grafobal 
300 |a 1 pohľadnica (4 čiastkové pohľady)  |b farebná  |c 11 x 15 cm 
520 8 |a Zobrazenie: 
651 7 |a Banská Bystrica (Slovensko)  |2 SNKPHgeo  |9 22015 
655 7 |a pohľadnice kultúrnych pamiatok  |2 SNKPH  |9 70523 
655 7 |a miestne pohľadnice  |2 SNKPH  |9 70510 
700 1 |a Rudnický, Viliam,  |d 1947-  |4 pht  |9 92815 
700 1 |a Vojček, Alexander  |c (fotograf)  |4 pht  |9 358709 
700 1 |a Smola, Jozef  |c (grafik)  |4 art  |9 283315 
958 |a GBN 
958 |a GC 
958 |a OND 
999 |c 697377  |d 699307 
952 |a SNK  |b SNK  |y PREZ  |7 0  |p 17A1282530  |o snkSP 146094  |i snk2561/91  |0 0  |1 0  |4 0  |d 2021-07-26  |l 0  |r 2026-02-23 20:46:28  |w 2026-02-23 
952 |a SNK  |b SNK  |y PREZ  |7 0  |p 17A1282529  |o snkSP 146094 D1  |i snk2562/91  |0 0  |1 0  |4 0  |d 2021-07-26  |l 0  |r 2026-02-23 20:46:28  |w 2026-02-23